| 000 | 00581nam a22001817a 4500 | ||
|---|---|---|---|
| 003 | CEME | ||
| 005 | 20210628202121.0 | ||
| 008 | 210113b xxu||||| |||| 00| 0 eng d | ||
| 020 | _a9780070527997 | ||
| 040 | _c. | ||
| 082 | _a621.38456 KAS | ||
| 100 |
_aNarang, Nishit, Kasera, Sumit _958340 |
||
| 245 | _a3g networks architecture, protocols and procedures, based on 3gpp specifications for umts wcdma networks | ||
| 260 |
_aINDIA _bTATA MCGRAW HILL _c2012 |
||
| 300 | _aXXVIII, 570P | ||
| 650 |
_a3G NETWORKS ARCHITECTURE, PROTOCOLS AND PROCEDURES _958341 |
||
| 942 |
_cBK _2ddc |
||
| 999 |
_c568535 _d568535 |
||